Akordy : piano /

Uložené v:
Podrobná bibliografia
Hlavný autor: Polívka, Vladimír, 1896-1948 (Composer)
Médium: Hudobnina
Jazyk:Czech
Vydané: Praha : Státní nakladatelství krásné lieratury, hudby a umění, 1959.
Vydanie:3. vydání
Fyzický popis: 1 partitúra (23 strán).
Tagy: Pridať tag
Žiadne tagy, Buďte prvý kto otaguje tento záznam!

MARC

LEADER 00000ncm a2200000#i#4500
001 000700708
005 20230808095638.0
008 230808s1959 xr e 000 0 cze d
020 |c Kčs 4,80  |q (brožované) 
040 |a SVKK  |b slo  |c SVKK  |e rda 
100 1 |a Polívka, Vladimír,  |d 1896-1948  |4 cmp 
245 1 0 |a Akordy :  |b piano /  |c Vladimír Polívka. 
250 |a 3. vydání 
264 1 |a Praha :  |b Státní nakladatelství krásné lieratury, hudby a umění,  |c 1959. 
300 |a 1 partitúra (23 strán). 
336 |a zápis hudby  |b ntm  |2 rdacontent 
337 |a bez média  |b n  |2 rdamedia 
338 |a zväzok  |b nc  |2 rdacarrier 
500 |a Záznam revízie 
910 |a svkkk 
998 |a MU 
090 |g SCKHL  |k Sklad Pribinova 3. posch.  |a V.24770  |j 175192  |i 2720864648  |s Prezenčne